<?xml version="1.0" encoding="UTF-8"?>
<record
    xmlns:xsi="http://www.w3.org/2001/XMLSchema-instance"
    xsi:schemaLocation="http://www.loc.gov/MARC21/slim http://www.loc.gov/standards/marcxml/schema/MARC21slim.xsd"
    xmlns="http://www.loc.gov/MARC21/slim">

  <leader>00431nam a22001697a 4500</leader>
  <controlfield tag="003">OSt</controlfield>
  <controlfield tag="008">240327b        |||||||| |||| 00| 0 eng d</controlfield>
  <datafield tag="020" ind1=" " ind2=" ">
    <subfield code="a">9789385676079</subfield>
  </datafield>
  <datafield tag="082" ind1=" " ind2=" ">
    <subfield code="a">368.001 MII</subfield>
  </datafield>
  <datafield tag="100" ind1=" " ind2=" ">
    <subfield code="a">MISHRA, M.N. and MISHRA, S.B.</subfield>
  </datafield>
  <datafield tag="245" ind1=" " ind2=" ">
    <subfield code="a">Insurance: Principles &amp; Practice</subfield>
  </datafield>
  <datafield tag="250" ind1=" " ind2=" ">
    <subfield code="a">22nd. ed.</subfield>
  </datafield>
  <datafield tag="260" ind1=" " ind2=" ">
    <subfield code="a">Noida</subfield>
    <subfield code="b">S Chand &amp; Company Limited</subfield>
    <subfield code="c">2023</subfield>
  </datafield>
  <datafield tag="300" ind1=" " ind2=" ">
    <subfield code="a">1007 p.</subfield>
  </datafield>
  <datafield tag="650" ind1=" " ind2=" ">
    <subfield code="a">Commerce</subfield>
  </datafield>
  <datafield tag="942" ind1=" " ind2=" ">
    <subfield code="2">ddc</subfield>
    <subfield code="c">BK</subfield>
  </datafield>
  <datafield tag="999" ind1=" " ind2=" ">
    <subfield code="c">12323</subfield>
    <subfield code="d">12323</subfield>
  </datafield>
  <datafield tag="952" ind1=" " ind2=" ">
    <subfield code="0">0</subfield>
    <subfield code="1">0</subfield>
    <subfield code="2">ddc</subfield>
    <subfield code="4">0</subfield>
    <subfield code="7">0</subfield>
    <subfield code="8">B.Com. Hons</subfield>
    <subfield code="a">PIETNCR</subfield>
    <subfield code="b">PIETNCR</subfield>
    <subfield code="d">2024-03-23</subfield>
    <subfield code="e">Zafaa Books &amp; Distributors</subfield>
    <subfield code="f">In Rupees</subfield>
    <subfield code="g">675.00</subfield>
    <subfield code="k">ZBD0438</subfield>
    <subfield code="l">0</subfield>
    <subfield code="o">368.001 MII</subfield>
    <subfield code="p">N3518</subfield>
    <subfield code="r">2024-03-27 00:00:00</subfield>
    <subfield code="v">472.50</subfield>
    <subfield code="w">2024-03-23</subfield>
    <subfield code="y">REF</subfield>
  </datafield>
  <datafield tag="952" ind1=" " ind2=" ">
    <subfield code="0">0</subfield>
    <subfield code="1">0</subfield>
    <subfield code="2">ddc</subfield>
    <subfield code="4">0</subfield>
    <subfield code="7">0</subfield>
    <subfield code="8">B.Com. Hons</subfield>
    <subfield code="a">PIETNCR</subfield>
    <subfield code="b">PIETNCR</subfield>
    <subfield code="d">2024-03-23</subfield>
    <subfield code="e">Zafaa Books &amp; Distributors</subfield>
    <subfield code="f">In Rupees</subfield>
    <subfield code="g">675.00</subfield>
    <subfield code="k">ZBD0438</subfield>
    <subfield code="l">0</subfield>
    <subfield code="o">368.001 MII</subfield>
    <subfield code="p">N3519</subfield>
    <subfield code="r">2024-03-27 00:00:00</subfield>
    <subfield code="v">472.50</subfield>
    <subfield code="w">2024-03-23</subfield>
    <subfield code="y">BK</subfield>
  </datafield>
  <datafield tag="952" ind1=" " ind2=" ">
    <subfield code="0">0</subfield>
    <subfield code="1">0</subfield>
    <subfield code="2">ddc</subfield>
    <subfield code="4">0</subfield>
    <subfield code="7">0</subfield>
    <subfield code="8">B.Com. Hons</subfield>
    <subfield code="a">PIETNCR</subfield>
    <subfield code="b">PIETNCR</subfield>
    <subfield code="d">2024-03-23</subfield>
    <subfield code="e">Zafaa Books &amp; Distributors</subfield>
    <subfield code="f">In Rupees</subfield>
    <subfield code="g">675.00</subfield>
    <subfield code="k">ZBD0438</subfield>
    <subfield code="l">0</subfield>
    <subfield code="o">368.001 MII</subfield>
    <subfield code="p">N3520</subfield>
    <subfield code="r">2024-03-27 00:00:00</subfield>
    <subfield code="v">472.50</subfield>
    <subfield code="w">2024-03-23</subfield>
    <subfield code="y">BK</subfield>
  </datafield>
  <datafield tag="952" ind1=" " ind2=" ">
    <subfield code="0">0</subfield>
    <subfield code="1">0</subfield>
    <subfield code="2">ddc</subfield>
    <subfield code="4">0</subfield>
    <subfield code="7">0</subfield>
    <subfield code="8">B.Com. Hons</subfield>
    <subfield code="a">PIETNCR</subfield>
    <subfield code="b">PIETNCR</subfield>
    <subfield code="d">2024-03-23</subfield>
    <subfield code="e">Zafaa Books &amp; Distributors</subfield>
    <subfield code="f">In Rupees</subfield>
    <subfield code="g">675.00</subfield>
    <subfield code="k">ZBD0438</subfield>
    <subfield code="l">0</subfield>
    <subfield code="o">368.001 MII</subfield>
    <subfield code="p">N3521</subfield>
    <subfield code="r">2024-03-27 00:00:00</subfield>
    <subfield code="v">472.50</subfield>
    <subfield code="w">2024-03-23</subfield>
    <subfield code="y">BK</subfield>
  </datafield>
</record>
